| 000 | 00518nam a2200181Ia 4500 | ||
|---|---|---|---|
| 008 | 220216s9999 xx 000 0 und d | ||
| 100 | _aTanaka Y | ||
| 245 | 0 | _aStructure and role of linked and mixed fatty acids in natural rubber | |
| 260 | _bProceedings of the International Rubber Conference, Kobe, 1995, p31-34 | ||
| 500 | _aSource Year: 1996 | ||
| 650 | _aFatty acid | ||
| 650 | _aNatural rubber | ||
| 700 | _aKakubo T | ||
| 700 | _aKawahara S | ||
| 700 | _aNishiyama N | ||
| 856 | _uIRRDB | ||
| 942 | _cJS | ||
| 999 |
_c69480 _d69480 |
||